El tiempo vuela / (Record no. 98100)

MARC details
000 -LEADER
campo de control de longitud fija 00688nam a2200217 i 4500
001 - NÚMERO DE CONTROL
campo de control 98100
003 - IDENTIFICADOR DE NÚMERO DE CONTROL
campo de control ES-MaACL
005 - FECHA Y HORA DE LA ÚLTIMA TRANSACCIÓN
campo de control 20230906182221.0
007 - CAMPO FIJO DE DESCRIPCIÓN FÍSICA--INFORMACIÓN GENERAL
campo de control de longitud fija t|
008 - DATOS DE LONGITUD FIJA--INFORMACIÓN GENERAL
campo de control de longitud fija 050722q1945 sp ||||1| spa d
100 1# - ENTRADA PRINCIPAL--NOMBRE DE PERSONA
Nombre de persona Marquand, John Phillips.
9 (RLIN) 76970
245 13 - MENCIÓN DEL TÍTULO
Título El tiempo vuela /
Mención de responsabilidad, etc. John Phillips; [versión castellana de F. Santos y P.D. Postlethwaite].
260 ## - PUBLICACIÓN, DISTRIBUCIÓN, ETC.
Lugar de publicación, distribución, etc. Madrid :
Nombre del editor, distribuidor, etc. La Nave,
Fecha de publicación, distribución, etc. [1945?]
300 ## - DESCRIPCIÓN FÍSICA
Extensión 587 p., 1 lám. retr. autor ;
Dimensiones 15 cm.
490 1# - MENCIÓN DE SERIE
Mención de serie Serie B ;
Designación de volumen o secuencia 57
700 1# - ENTRADA AGREGADA--NOMBRE PERSONAL
Nombre de persona Santos Fontenla, Fernando.
9 (RLIN) 103502
700 1# - ENTRADA AGREGADA--NOMBRE PERSONAL
Nombre de persona Postlethwaite, Phyllis Doreen.
9 (RLIN) 93365
830 1# - PUNTO DE ACCESO ADICIONAL DE SERIE-TÍTULO UNIFORME
Título uniforme Serie B ;
Designación de volumen o secuencia 57
9 (RLIN) 184453
852 ## - LOCALIZACIÓN
Ubicación ES-MaACL
Número de control de estantería B-10310
Holdings
Estatus retirado Estado de pérdida Estado de daño No para préstamo Biblioteca de origen Biblioteca actual Ubicación en estantería Fecha de adquisición Fuente de adquisición Total de préstamos Signatura topográfica completa Código de barras Visto por última vez Precio de reemplazo Tipo de ítem Koha
        Biblioteca del Ateneo de Madrid Biblioteca del Ateneo de Madrid Sala Pardo Bazán 17/01/2008     B-10310 1102406 23/02/2023 23/02/2023 Libro impreso